| 000 | 00450 a2200181 4500 | ||
|---|---|---|---|
| 005 | 20260121163515.0 | ||
| 008 | 260121b |||||||| |||| 00| 0 eng d | ||
| 020 |
_a9798898486051 _c$ 150.00 |
||
| 040 | _aMAIN | ||
| 082 |
_a579 _bI9M |
||
| 100 | _aIrving, Bird | ||
| 245 | _aMicrobiology: Basic principles | ||
| 260 |
_bCell Publishing _c2026 _aWyoming |
||
| 300 | _a360 | ||
| 650 | _aMicrobiology | ||
| 650 | _aMicro-organisms | ||
| 942 | _cBK | ||
| 999 |
_c394103 _d394103 |
||